000
00261nam a2200109Ia 4500
008
240625s9999 xx 000 0 und d
041
_a
eng
082
_a
658.87 ALE
100
_a
SALUJA NAVNEET
245
_a
CHANGING FACE OF RETAILING IN INDIA
365
_c
RS
_b
15
999
_c
34675
_d
34675